| 000 | 00503nam a2200097Ia 4500 | ||
|---|---|---|---|
| 008 | 170517s9999 xx 000 0 und d | ||
| 245 | _aHepatitis Country | ||
| 300 | _aThe current opioid crisis has proven devastating to users, families and entire communities. It's also given rise to acute cases of Hepatitis C, a potentially deadly infection whose rate of occurrence has nearly doubled in the United States since... | ||
| 650 | _xTechnology. | ||
| 856 | _uhttp://topdocumentaryfilms.com/hepatitis-country/ | ||
| 999 |
_c335046 _d335046 |
||